000 00576nam a2200193Ia 4500
003 OSt
005 20220527103234.0
008 210210b1932 xxu||||| |||| 00| 0 eng d
040 _cAL
041 _aeng
082 _a954/430a
100 _aPILLAI (Sivaraja K N)
_939260
245 _aChronology of the early Tamils
_bbased on the synchronistic tables of their kings chieftains and poets appearing in the sangam literature
260 _aMadras
_bUniversity of Madras
_c1932
300 _axvi,284
690 _aIndian History
_939261
906 _a002932
942 _2ddc
_cBK
999 _c125218
_d125218